|
|
|
|
| LEADER |
00000cam a2200000Mu 4500 |
| 001 |
EBOOKCENTRAL_on1202451356 |
| 003 |
OCoLC |
| 005 |
20240329122006.0 |
| 006 |
m o d |
| 007 |
cr ||||||||||| |
| 008 |
201031s2020 gw o ||| 0 ger d |
| 040 |
|
|
|a EBLCP
|b eng
|c EBLCP
|d YDX
|d OCLCQ
|d SFB
|d REDDC
|d OCLCF
|d OCLCQ
|d OCLCO
|d OCLCL
|
| 019 |
|
|
|a 1153040345
|a 1202480008
|
| 020 |
|
|
|a 9783736961999
|
| 020 |
|
|
|a 3736961995
|
| 029 |
1 |
|
|a AU@
|b 000073649538
|
| 035 |
|
|
|a (OCoLC)1202451356
|z (OCoLC)1153040345
|z (OCoLC)1202480008
|
| 050 |
|
4 |
|a HD7288.85.G3
|b .K688 2020
|
| 082 |
0 |
4 |
|a 333.338
|2 23
|
| 049 |
|
|
|a UAMI
|
| 100 |
1 |
|
|a Kotulla, Theresa.
|
| 245 |
1 |
0 |
|a Preisgebundener Mietwohnungsbau in Deutschland
|h [electronic resource] :
|b Identifikation relevanter Entwicklungspotentiale für die Neubauförderung.
|
| 260 |
|
|
|a Göttingen :
|b Cuvillier Verlag,
|c 2020.
|
| 300 |
|
|
|a 1 online resource (287 p.).
|
| 490 |
1 |
|
|a Schriftenreihe des Lehr- und Forschungsgebiets für Immobilienprojektentwicklung ;
|v v.1
|
| 500 |
|
|
|a Description based upon print version of record.
|
| 590 |
|
|
|a ProQuest Ebook Central
|b Ebook Central Academic Complete
|
| 650 |
|
0 |
|a Rental housing
|z Germany.
|
| 650 |
|
0 |
|a Rental housing
|x Prices
|x Law and legislation
|z Germany.
|
| 650 |
|
0 |
|a Real estate development.
|
| 650 |
|
6 |
|a Logement locatif
|z Allemagne.
|
| 650 |
|
6 |
|a Promotion immobilière.
|
| 650 |
|
7 |
|a real estate development.
|2 aat
|
| 650 |
|
7 |
|a Real estate development
|2 fast
|
| 650 |
|
7 |
|a Rental housing
|2 fast
|
| 651 |
|
7 |
|a Germany
|2 fast
|1 https://id.oclc.org/worldcat/entity/E39PBJtCD3rcKcPDx6FHmjvrbd
|
| 758 |
|
|
|i has work:
|a Preisgebundener Mietwohnungsbau in Deutschland (Text)
|1 https://id.oclc.org/worldcat/entity/E39PCFydWbR37kGb4t7qrFWftq
|4 https://id.oclc.org/worldcat/ontology/hasWork
|
| 776 |
0 |
8 |
|i Print version:
|a Kotulla, Theresa
|t Preisgebundener Mietwohnungsbau in Deutschland : Identifikation relevanter Entwicklungspotentiale für die Neubauförderung
|d Göttingen : Cuvillier Verlag,c2020
|z 9783736971998
|
| 830 |
|
0 |
|a Schriftenreihe des Lehr- und Forschungsgebiets für Immobilienprojektentwicklung.
|
| 856 |
4 |
0 |
|u https://ebookcentral.uam.elogim.com/lib/uam-ebooks/detail.action?docID=6185630
|z Texto completo
|
| 938 |
|
|
|a ProQuest Ebook Central
|b EBLB
|n EBL6185630
|
| 938 |
|
|
|a YBP Library Services
|b YANK
|n 301248916
|
| 994 |
|
|
|a 92
|b IZTAP
|